Historia de América Latina / (Record no. 7005)
[ view plain ]
| 000 -LEADER | |
|---|---|
| campo de control de longitud fija | 01377nam a2200241 i 4500 |
| 001 - NÚMERO DE CONTROL | |
| campo de control | 7005 |
| 003 - IDENTIFICADOR DE NÚMERO DE CONTROL | |
| campo de control | ES-MaACL |
| 005 - FECHA Y HORA DE LA ÚLTIMA TRANSACCIÓN | |
| campo de control | 20230906145135.0 |
| 007 - CAMPO FIJO DE DESCRIPCIÓN FÍSICA--INFORMACIÓN GENERAL | |
| campo de control de longitud fija | t| |
| 008 - DATOS DE LONGITUD FIJA--INFORMACIÓN GENERAL | |
| campo de control de longitud fija | 900720m19902002sp |||| | spa d |
| 020 ## - NÚMERO INTERNACIONAL ESTÁNDAR DEL LIBRO | |
| Número Internacional Estándar del Libro | 84-7423-435-2 |
| 080 ## - NÚMERO DE LA CLASIFICACIÓN DECIMAL UNIVERSAL | |
| Número de la Clasificación Decimal Universal | 9(8.03)"14/19" |
| 245 00 - MENCIÓN DEL TÍTULO | |
| Título | Historia de América Latina / |
| Mención de responsabilidad, etc. | Leslie Bethell, ed. |
| 260 ## - PUBLICACIÓN, DISTRIBUCIÓN, ETC. | |
| Lugar de publicación, distribución, etc. | Barcelona : |
| Nombre del editor, distribuidor, etc. | Critica, |
| Fecha de publicación, distribución, etc. | 1990-2002. |
| 300 ## - DESCRIPCIÓN FÍSICA | |
| Extensión | 16 v. ; |
| Dimensiones | 24 cm. |
| 490 1# - MENCIÓN DE SERIE | |
| Mención de serie | Serie mayor |
| 505 8# - NOTA DE CONTENIDO CON FORMATO | |
| Nota de contenido con formato | Contiene: 1. América Latina colonial: la América precolombina y la conquista - 2. América Latina colonial: Europa y América en los siglos XVI, XVII, XVIII - 3. América Latina colonial: economía - 4. América Latina colonial: población, sociedad y cultura - 5. La independencia - 6. América Latina independiente, 1820-1870 - 7. América Latina: economía y sociedad, c. 1870-1930 - 8. América Latina: cultura y sociedad, 1830-1930 - 9. América Central y el Caribe, c. 1870-1930 - 10. América del Sur, c. 1870-1930 - 11. Economía y sociedad desde 1930 - 12. Política y sociedad desde 1930 - 13. México y el Caribe desde 1930 - 14. América Central desde 1930 - 15. El Cono sur desde 1930 - 16. Los países andinos desde 1930 |
| 651 #4 - PUNTO DE ACCESO ADICIONAL DE MATERIA--NOMBRE GEOGRÁFICO | |
| Nombre geográfico | América Latina- |
| Subdivisión general | Historia. |
| 9 (RLIN) | 7747 |
| 700 1# - ENTRADA AGREGADA--NOMBRE PERSONAL | |
| Nombre de persona | Bethell, Leslie. |
| 9 (RLIN) | 28659 |
| 830 1# - PUNTO DE ACCESO ADICIONAL DE SERIE-TÍTULO UNIFORME | |
| Título uniforme | Serie mayor |
| 9 (RLIN) | 177793 |
| 852 ## - LOCALIZACIÓN | |
| Ubicación | ES-MaACL |
| Número de control de estantería | L-28670-85 |
| Estatus retirado | Estado de pérdida | Estado de daño | No para préstamo | Biblioteca de origen | Biblioteca actual | Ubicación en estantería | Fecha de adquisición | Fuente de adquisición | Total de préstamos | Signatura topográfica completa | Código de barras | Visto por última vez | Precio de reemplazo | Tipo de ítem Koha |
|---|---|---|---|---|---|---|---|---|---|---|---|---|---|---|
| Biblioteca del Ateneo de Madrid | Biblioteca del Ateneo de Madrid | Depósito 2 | 17/01/2008 | L-28670-85 | 1007142 | 23/02/2023 | 23/02/2023 | Libro impreso |
